[Event "II Open Internazionale"]
[Site "Lodi ITA"]
[Date "2006.06.10"]
[Round "8"]
[White "Wohl, Aleksandar H."]
[Black "Castellanos Rodriguez, Renier"]
[Result "1/2-1/2"]
[WhiteElo "2432"]
[BlackElo "2467"]
[PlyCount "70"]
[EventDate "2006.06.05"]

1. e4 c5 2. Nf3 d6 3. d4 cxd4 4. Nxd4 Nf6 5. Nc3 a6 6. Bg5 e6 7. f4 Qc7 8. Bxf6
gxf6 9. Qd2 Nc6 10. O-O-O Bd7 11. Kb1 Be7 12. Bc4 O-O-O 13. f5 Nxd4 14. Qxd4
Kb8 15. Bb3 h5 16. Qd3 Rdg8 17. Qh3 Rg4 18. Rhf1 Qc5 19. g3 Qe3 20. Rd3 Qg5 21.
Rdf3 Rg8 22. Rf4 Bd8 23. a3 Bc8 24. Nd1 Rxf4 25. Rxf4 Bc7 26. fxe6 Rh8 27. Qf1
fxe6 28. Rxf6 Qe5 29. Nc3 h4 30. Qf4 d5 31. Rf7 hxg3 32. hxg3 Qxf4 33. gxf4
dxe4 34. Nxe4 Rh1+ 35. Ka2 Rf1 1/2-1/2

[Event "II Open Internazionale"]
[Site "Lodi ITA"]
[Date "2006.06.10"]
[Round "8"]
[White "Zambrana, Oswaldo"]
[Black "Buccoliero, Alessandro"]
[Result "1-0"]
[WhiteElo "2425"]
[BlackElo "2205"]
[PlyCount "65"]
[EventDate "2006.06.05"]

1. e4 e6 2. d4 d5 3. Nd2 Nf6 4. e5 Nfd7 5. Bd3 c5 6. c3 Nc6 7. Ne2 cxd4 8. cxd4
f6 9. exf6 Nxf6 10. Nf3 Bd6 11. O-O Qc7 12. Bg5 O-O 13. Bh4 Nh5 14. Qc2 g6 15.
Bxg6 Nf4 16. Bd3 Qg7 17. Nxf4 Bxf4 18. Rad1 e5 19. dxe5 Bg4 20. Bg3 Bxf3 21.
gxf3 Bxe5 22. Kh1 Nd4 23. Bxh7+ Kh8 24. Qg6 Qxg6 25. Bxg6 Nxf3 26. Rxd5 Bxb2
27. Rb1 Bg7 28. Rh5+ Kg8 29. Bh7+ Kf7 30. Rxb7+ Kf6 31. Rf5+ Ke6 32. Rxf8 Bxf8
33. Bg8+ 1-0

[Event "II Open Internazionale"]
[Site "Lodi ITA"]
[Date "2006.06.11"]
[Round "9"]
[White "Astengo, Marcello"]
[Black "Masotti, Roberto"]
[Result "1/2-1/2"]
[WhiteElo "2096"]
[BlackElo "1856"]
[PlyCount "68"]
[EventDate "2006.06.05"]

1. d4 d5 2. c4 Nc6 3. Nc3 dxc4 4. e3 Nf6 5. Bxc4 e5 6. d5 Na5 7. Be2 c6 8. e4
Bb4 9. Qa4 Bxc3+ 10. bxc3 b5 11. Qb4 cxd5 12. Bxb5+ Bd7 13. exd5 Rb8 14. Bxd7+
Nxd7 15. Qa3 Nc4 16. Qa4 Qh4 17. Ne2 Qe4 18. Ba3 Rb1+ 19. Rxb1 Qxb1+ 20. Bc1
Qe4 21. Qc6 Ncb6 22. Be3 O-O 23. O-O Qxd5 24. Qxd5 Nxd5 25. Rd1 N7f6 26. a3
Nxe3 27. fxe3 Rc8 28. Rb1 Kf8 29. Rb7 a6 30. Rb6 Nd5 31. Rxa6 Nxc3 32. Nxc3
Rxc3 33. Kf2 Ke7 34. a4 e4 1/2-1/2

[Event "II Open Internazionale"]
[Site "Lodi ITA"]
[Date "2006.06.11"]
[Round "9"]
[White "Contin, Daniel"]
[Black "Onkoud, Abdelaziz"]
[Result "1/2-1/2"]
[WhiteElo "2396"]
[BlackElo "2420"]
[PlyCount "123"]
[EventDate "2006.06.05"]

1. Nf3 g6 2. c4 Bg7 3. Nc3 d6 4. d4 Nf6 5. g3 O-O 6. Bg2 Nc6 7. O-O a6 8. e3
Rb8 9. a4 Nb4 10. Na2 Nc6 11. b4 e5 12. b5 Na5 13. Qc2 Bf5 14. Qc3 c5 15. Bd2
Ne4 16. Qxa5 b6 17. Qxa6 Qe7 18. Ba5 Bc8 19. Qxb6 Rxb6 20. Bxb6 Bg4 21. Nxe5
dxe5 22. Bxe4 exd4 23. f3 dxe3 24. Rac1 Bd4 25. Rfe1 h5 26. Nb4 h4 27. Nc6 Qf6
28. Re2 Bxf3 29. Rf1 Bxe2 30. Rxf6 Bxf6 31. Bxc5 Bxc4 32. b6 e2 33. Bb4 Ba6 34.
Kf2 Re8 35. Bf3 Bb7 36. a5 Re6 37. Ne5 Bxe5 38. Bxb7 Bd4+ 39. Ke1 Bxb6 40. Bf3
Bc7 41. gxh4 Bxh2 42. Bxe2 Bg3+ 43. Kd2 Bxh4 44. Bc5 Be7 45. Bb6 Bd8 46. Bxd8
Rd6+ 47. Kc3 Rxd8 48. Bf3 Rd7 49. Kc4 g5 50. Kc5 Rd3 51. Bc6 g4 52. a6 Ra3 53.
Kb6 Kg7 54. a7 Kf6 55. a8=Q Rxa8 56. Bxa8 Ke5 57. Kc5 f5 58. Kc4 Kf4 59. Kd3
Kg3 60. Ke2 f4 61. Bc6 f3+ 62. Ke3 1/2-1/2

[Event "II Open Internazionale"]
[Site "Lodi ITA"]
[Date "2006.06.11"]
[Round "9"]
[White "Fedorchuk, Sergey A."]
[Black "Ricardi, Pablo Oswaldo"]
[Result "1/2-1/2"]
[WhiteElo "2576"]
[BlackElo "2515"]
[PlyCount "109"]
[EventDate "2006.06.05"]

1. e4 c5 2. Nf3 d6 3. d4 cxd4 4. Nxd4 Nf6 5. Nc3 a6 6. a4 g6 7. Be2 Bg7 8. O-O
O-O 9. Be3 Nc6 10. f4 Bd7 11. Nb3 b6 12. Bf3 Rb8 13. Qe2 Qc8 14. h3 Kh8 15.
Rad1 Na5 16. Bd4 Nc4 17. e5 dxe5 18. fxe5 Ng8 19. Nd5 e6 20. Nf6 Bxa4 21. Qe4
Bb5 22. Be2 Bxf6 23. exf6 Nd6 24. Qf3 Bxe2 25. Qxe2 Qc4 26. Rd3 Nb5 27. Be5
Rbc8 28. Rf2 Na7 29. Nd4 Nc6 30. b3 Nxd4 31. Bxd4 Qc6 32. Rc3 Qd5 33. Rxc8 Rxc8
34. Bxb6 e5 35. Qxa6 Rxc2 36. Rxc2 Qd1+ 37. Kh2 Qxc2 38. Bd8 Qd2 39. Qb6 Qf4+
40. Kh1 Qf1+ 41. Qg1 Qd3 42. Bc7 Qc3 43. Qb6 Qc1+ 44. Kh2 Qf4+ 45. Kg1 Qc1+ 46.
Kf2 Qf4+ 47. Ke2 Qe4+ 48. Kf2 Qf4+ 49. Ke1 Qe4+ 50. Kd1 Qd3+ 51. Ke1 Qe4+ 52.
Kf1 Qf4+ 53. Kg1 Qc1+ 54. Kh2 Qf4+ 55. Kg1 1/2-1/2

[Event "II Open Internazionale"]
[Site "Lodi ITA"]
[Date "2006.06.11"]
[Round "9"]
[White "Fraser-Mitchell, Jeremy N."]
[Black "Rombaldoni, Denis"]
[Result "0-1"]
[WhiteElo "2107"]
[BlackElo "2322"]
[PlyCount "80"]
[EventDate "2006.06.05"]

1. d4 d5 2. c4 e6 3. Nc3 Be7 4. cxd5 exd5 5. Bf4 Nf6 6. e3 c6 7. Bd3 Nbd7 8.
Qc2 Nf8 9. h3 Ne6 10. Be5 Nd7 11. Bg3 g6 12. Nf3 Nb6 13. O-O O-O 14. Rab1 Ng7
15. b4 a6 16. b5 axb5 17. Nxb5 Nc4 18. Bxc4 dxc4 19. Nc3 b5 20. Ne5 Ra6 21. d5
b4 22. Nxc6 Rxc6 23. dxc6 bxc3 24. Qxc3 Qd5 25. c7 Nf5 26. Be5 Qc6 27. Rfc1 Bd6
28. Bxd6 Nxd6 29. Qa5 Nf5 30. Qb6 Qe4 31. Rb4 Be6 32. Rc3 Nh4 33. f3 Qe5 34.
Rbxc4 Nxf3+ 35. Kf2 Nd2 36. c8=Q Bxc8 37. Rxc8 Ne4+ 38. Kg1 Nxc3 39. Rxf8+ Kxf8
40. a4 Nxa4 0-1

[Event "II Open Internazionale"]
[Site "Lodi ITA"]
[Date "2006.06.11"]
[Round "9"]
[White "Giretti Kanev, Jasen"]
[Black "Finocchiaro, Gianluca"]
[Result "1-0"]
[WhiteElo "2220"]
[BlackElo "1934"]
[PlyCount "49"]
[EventDate "2006.06.05"]

1. Nf3 Nf6 2. d4 d5 3. c4 c6 4. Nc3 e6 5. cxd5 exd5 6. Bg5 Nbd7 7. e3 Qa5 8.
Bd3 Ne4 9. O-O Nxg5 10. Nxg5 Nf6 11. h3 Be7 12. Qc2 Bd7 13. a3 Qd8 14. Rae1 g6
15. f4 O-O 16. f5 Nh5 17. Nxh7 Kxh7 18. fxg6+ fxg6 19. Bxg6+ Kh6 20. Bxh5 Kxh5
21. Qh7+ Kg5 22. Qg7+ Kh5 23. g4+ Kh4 24. Qh6+ Kg3 25. Ne2# 1-0

[Event "II Open Internazionale"]
[Site "Lodi ITA"]
[Date "2006.06.11"]
[Round "9"]
[White "Hossain, Enamul"]
[Black "Mrdja, Milan"]
[Result "1/2-1/2"]
[WhiteElo "2460"]
[BlackElo "2409"]
[PlyCount "100"]
[EventDate "2006.06.05"]

1. e4 Nf6 2. e5 Nd5 3. d4 d6 4. c4 Nb6 5. exd6 exd6 6. Nc3 Be7 7. h3 O-O 8. Nf3
Bf5 9. Be2 N8d7 10. O-O Nf6 11. Nh4 Bd7 12. Bd3 c5 13. Nf3 cxd4 14. Nxd4 Rc8
15. b3 d5 16. Nxd5 Nbxd5 17. cxd5 Nxd5 18. Bb2 Nf6 19. Qf3 Bc5 20. Rad1 Qb6 21.
Bf5 Be6 22. Nxe6 fxe6 23. Bb1 Rf7 24. Qf4 Rcf8 25. Bd4 g6 26. Bxc5 Qxc5 27. Qd6
Qxd6 28. Rxd6 Re7 29. Re1 Kf7 30. Bd3 Ne8 31. Rd4 Nc7 32. Bc4 Kg7 33. a4 Rf5
34. Rde4 Kf7 35. g3 Rc5 36. Kg2 Rc6 37. h4 a6 38. Re5 Ne8 39. h5 Nf6 40. hxg6+
hxg6 41. R5e3 Rd6 42. R1e2 Nd7 43. Rf3+ Kg7 44. Rd3 Rxd3 45. Bxd3 Nc5 46. Bc2
a5 47. Re5 Rc7 48. Rg5 Nxa4 49. Rxa5 Rxc2 50. Rxa4 b5 1/2-1/2

[Event "II Open Internazionale"]
[Site "Lodi ITA"]
[Date "2006.06.11"]
[Round "9"]
[White "Izsak, Gyula"]
[Black "Spielmann, Alain"]
[Result "1-0"]
[WhiteElo "2434"]
[BlackElo "2250"]
[PlyCount "116"]
[EventDate "2006.06.05"]

1. Nf3 e6 2. c4 f5 3. g3 Nf6 4. Bg2 c6 5. O-O d5 6. d4 Bd6 7. Qc2 O-O 8. Nbd2
b6 9. Ne1 Bb7 10. Nd3 Nbd7 11. Nf3 Qe7 12. Bf4 Bxf4 13. Nxf4 Ne4 14. Rac1 Rae8
15. Nd3 Rc8 16. Rfd1 Kh8 17. e3 Ba6 18. Nde5 Nxe5 19. Nxe5 Nd6 20. c5 Nf7 21.
Nxf7+ Qxf7 22. Qa4 Be2 23. Rd2 b5 24. Qa6 Bg4 25. b4 g5 26. f3 Bh5 27. f4 Bg4
28. a4 bxa4 29. b5 cxb5 30. Qxb5 a3 31. Qa4 Qh5 32. Qa6 Bf3 33. Qxa3 Bxg2 34.
Rxg2 Qf3 35. Rf2 Qh5 36. Qxa7 Qg6 37. Qe7 gxf4 38. exf4 Rf7 39. Qg5 Qxg5 40.
fxg5 Kg7 41. Re2 Rc6 42. Rce1 Re7 43. Kf2 Kg6 44. h4 Kf7 45. Kf3 Rb7 46. Kf4
Ra6 47. Ke5 Ke7 48. Re3 Rb4 49. Rf1 Raa4 50. Rf4 Rb2 51. Rff3 Ra1 52. h5 Rd2
53. g6 hxg6 54. hxg6 Rh1 55. Ra3 Re2+ 56. Rfe3 Rxe3+ 57. Rxe3 Rh6 58. g7 f4 1-0

[Event "II Open Internazionale"]
[Site "Lodi ITA"]
[Date "2006.06.11"]
[Round "9"]
[White "Luciani, Valerio"]
[Black "Borda, Alan"]
[Result "1-0"]
[WhiteElo "2242"]
[BlackElo "2105"]
[PlyCount "71"]
[EventDate "2006.06.05"]

1. d4 c5 2. d5 e5 3. e4 d6 4. Nc3 Be7 5. Bb5+ Nd7 6. Nf3 a6 7. Be2 b5 8. O-O
Nb6 9. a3 f5 10. exf5 Bxf5 11. Bd3 g6 12. Bxf5 gxf5 13. Nxe5 dxe5 14. Qh5+ Kf8
15. Qxf5+ Bf6 16. Ne4 Nd7 17. Ng5 Ke8 18. Ne6 Qb6 19. f4 e4 20. Be3 Bxb2 21.
Rad1 Qd6 22. Qxe4 Ngf6 23. Qf5 Rg8 24. Rfe1 Kf7 25. h3 Rg6 26. g4 Kg8 27. Bf2
Re8 28. Kf1 Bxa3 29. g5 Nh5 30. Qg4 Nhf6 31. Qf3 Bb4 32. Re2 Nf8 33. f5 N6d7
34. fxg6 Nxg6 35. Bg3 Qb6 36. Rf2 1-0

[Event "II Open Internazionale"]
[Site "Lodi ITA"]
[Date "2006.06.11"]
[Round "9"]
[White "Rrhioua, Tarik"]
[Black "Giannetta, Paolo"]
[Result "1-0"]
[WhiteElo "2330"]
[BlackElo "2035"]
[PlyCount "107"]
[EventDate "2006.06.05"]

1. Nf3 d6 2. g3 g6 3. Bg2 Bg7 4. O-O f5 5. d4 Nf6 6. c4 O-O 7. Nc3 c6 8. Qc2
Na6 9. a3 Qe8 10. b4 Nc7 11. b5 Kh8 12. a4 Be6 13. Qd3 Rd8 14. Rb1 Bc8 15. Rd1
Ne4 16. Bb2 Qf7 17. e3 h6 18. a5 Be6 19. Bf1 cxb5 20. d5 Bd7 21. cxb5 Nc5 22.
Qc2 Ne8 23. Nd4 Rc8 24. Qe2 Nf6 25. Bg2 Nfe4 26. a6 bxa6 27. bxa6 Nxc3 28. Bxc3
Na4 29. Ba1 Nb6 30. Nc6 Bxc6 31. dxc6 d5 32. Bxg7+ Kxg7 33. Rxb6 axb6 34. Bxd5
Qf6 35. Qb5 Rfd8 36. Rb1 Rxd5 37. Qxd5 Qxc6 38. Qxc6 Rxc6 39. a7 Rc8 40. Rxb6
Ra8 41. Rb7 Kf6 42. Kf1 g5 43. Ke2 h5 44. h4 gxh4 45. gxh4 e5 46. Kd3 Ke6 47.
Kc4 e4 48. Kc5 f4 49. exf4 Kf5 50. Kb6 Kxf4 51. Rb8 Rxa7 52. Kxa7 Kg4 53. Kb6
Kxh4 54. Rg8 1-0

[Event "II Open Internazionale"]
[Site "Lodi ITA"]
[Date "2006.06.11"]
[Round "9"]
[White "Schmitz, Manuela"]
[Black "Gilardone, Adriano"]
[Result "1/2-1/2"]
[WhiteElo "2042"]
[BlackElo "2145"]
[PlyCount "143"]
[EventDate "2006.06.05"]

1. d4 e6 2. Nf3 d5 3. c4 c6 4. cxd5 exd5 5. Nc3 f5 6. Bg5 Be7 7. Bxe7 Qxe7 8.
e3 f4 9. Qd2 fxe3 10. fxe3 Bf5 11. Bd3 Bxd3 12. Qxd3 Nf6 13. O-O Nbd7 14. a3
O-O 15. Rae1 Rae8 16. Qc2 Qd8 17. Qb3 Qb6 18. Qxb6 Nxb6 19. Ne5 Re7 20. Rf3
Rfe8 21. h3 Nfd7 22. Nxd7 Nxd7 23. Re2 Nb6 24. Kf2 Nc4 25. Na4 b6 26. Nc3 b5
27. Nb1 a5 28. b3 Nb6 29. Nd2 Nc8 30. Re1 Re6 31. Rc1 g6 32. Rc5 Nd6 33. g4 Kg7
34. Ke2 Nb7 35. Rc1 Ra8 36. Rcf1 Nd6 37. Rc1 Nf7 38. Rc5 a4 39. b4 Rae8 40. Rc1
Ng5 41. Rg3 Kf6 42. Rf1+ Ke7 43. Kd3 Rf6 44. Rxf6 Kxf6 45. Ke2 Ke6 46. h4 Ne4
47. Rf3 Nd6 48. Rf4 h5 49. g5 Kd7 50. Rf6 Nf5 51. Nf3 Rxe3+ 52. Kf2 Rxa3 53.
Ne5+ Ke8 54. Re6+ Kf8 55. Rf6+ Ke8 56. Re6+ Kd8 57. Nxc6+ Kc7 58. Rxg6 Nxh4 59.
Rf6 Rb3 60. Ne7 a3 61. Nxd5+ Kd8 62. g6 Nxg6 63. Rxg6 Rd3 64. Rd6+ Kc8 65. Ra6
Rxd4 66. Nc3 Rxb4 67. Nxb5 Rxb5 68. Rxa3 Kd7 69. Kg3 Ke6 70. Rf3 Rb4 71. Kh3
Ke5 72. Rf8 1/2-1/2

[Event "II Open Internazionale"]
[Site "Lodi ITA"]
[Date "2006.06.11"]
[Round "9"]
[White "Soppe, Guillermo G."]
[Black "Castellanos Rodriguez, Renier"]
[Result "1/2-1/2"]
[WhiteElo "2409"]
[BlackElo "2467"]
[PlyCount "128"]
[EventDate "2006.06.05"]

1. e4 Nf6 2. e5 Nd5 3. d4 d6 4. Nf3 g6 5. Bc4 c6 6. O-O Bg7 7. Re1 O-O 8. Qe2
Bf5 9. Bb3 a5 10. a4 dxe5 11. Nxe5 Nd7 12. Nd2 Nxe5 13. dxe5 Qc7 14. h3 Rad8
15. Nf3 c5 16. Bd2 b6 17. Qc4 Nb4 18. Bxb4 Be6 19. Qb5 Bd7 20. Qe2 axb4 21. e6
Bxe6 22. Bxe6 fxe6 23. Qxe6+ Kh8 24. Rab1 Bf6 25. b3 Rd6 26. Qg4 Qd7 27. Qe4
Kg7 28. Re3 Rd1+ 29. Rxd1 Qxd1+ 30. Re1 Qd6 31. g4 Rf7 32. Kg2 Bc3 33. Re2 h6
34. Re3 Qd1 35. g5 h5 36. Qd3 Qxd3 37. Rxd3 e5 38. Rd6 Rf5 39. Rxb6 e4 40. Nh4
Rxg5+ 41. Kf1 Rd5 42. Rxg6+ Kf7 43. Rc6 Rd1+ 44. Kg2 Rd2 45. Nf5 Rxc2 46. Rxc5
Rb2 47. Nd6+ Kg6 48. Nxe4 Rxb3 49. Rg5+ Kh6 50. Rb5 Ra3 51. a5 Kg6 52. h4 Be1
53. Kf1 Ra1 54. Ke2 Bc3 55. Nxc3 bxc3 56. Kd3 Ra3 57. Rc5 Kh6 58. Rc6+ Kg7 59.
a6 Kh7 60. f4 Kg7 61. f5 Kf7 62. Kc4 c2 63. Kb5 Ra2 64. Kb6 Rb2+ 1/2-1/2

[Event "II Open Internazionale"]
[Site "Lodi ITA"]
[Date "2006.06.11"]
[Round "9"]
[White "Vezzosi, Paolo"]
[Black "Caoili, Arianne"]
[Result "1-0"]
[WhiteElo "2362"]
[BlackElo "2169"]
[PlyCount "47"]
[EventDate "2006.06.05"]

1. d4 d5 2. Nf3 Nf6 3. c4 c6 4. e3 e6 5. Nbd2 Nbd7 6. Bd3 Bd6 7. O-O Qe7 8. Re1
c5 9. cxd5 Nxd5 10. Nc4 cxd4 11. e4 Nb4 12. e5 Bc5 13. Bg5 f6 14. exf6 gxf6 15.
Bf5 Nf8 16. Nfe5 fxg5 17. Qh5+ Kd8 18. Nf7+ Kc7 19. Nxh8 Qf6 20. Re5 Bd6 21.
Nxd6 Qxe5 22. Nhf7 Qf4 23. g3 Qd2 24. Nc4 1-0

[Event "II Open A"]
[Site "Lodi ITA"]
[Date "2006.06.09"]
[Round "1"]
[White "Starostits, Ilmars"]
[Black "Ceccarini, Marco"]
[Result "1-0"]
[WhiteElo "2460"]
[BlackElo "2105"]
[PlyCount "87"]
[EventDate "2006.06.09"]

1. e4 e6 2. d4 d5 3. e5 c5 4. c3 Qb6 5. a3 Nc6 6. Nf3 c4 7. Nbd2 Na5 8. h4 Bd7
9. g3 Be7 10. Bh3 f5 11. exf6 gxf6 12. O-O h5 13. Re1 Nh6 14. Rb1 Ng4 15. Qe2
O-O-O 16. b4 cxb3 17. c4 Kb8 18. c5 Qc6 19. Nxb3 Nxb3 20. Rxb3 e5 21. Qb2 Rde8
22. Bf1 Bd8 23. Bb5 Qc8 24. dxe5 fxe5 25. Nxe5 Nxe5 26. Rxe5 Bc6 27. Bf4 Ka8
28. Rxe8 Rxe8 29. Re3 Ba5 30. Bxc6 Qxc6 31. Rxe8+ Qxe8 32. Qe5 Qxe5 33. Bxe5
Bd8 34. f4 Be7 35. Bd4 Kb8 36. Kg2 Kc7 37. g4 hxg4 38. h5 Bf8 39. Kg3 Bh6 40.
Kxg4 Kd7 41. Kf5 Kc6 42. Be3 Kb5 43. Kg6 d4 44. Bc1 1-0

[Event "V Festival Scacchi Verdi"]
[Site "Bresso ITA"]
[Date "2006.06.15"]
[Round "1"]
[White "Bettini, Massimo"]
[Black "Chiarello, Simone"]
[Result "0-1"]
[WhiteElo "1915"]
[BlackElo "1452"]
[PlyCount "71"]
[EventDate "2006.06.15"]

1. e4 c5 2. Nf3 d6 3. d4 cxd4 4. Nxd4 Nf6 5. Nc3 a6 6. Be3 e5 7. Nf3 Be7 8. Bc4
b5 9. Bb3 Bb7 10. Nd5 Nbd7 11. Nd2 Nc5 12. Bxc5 dxc5 13. c4 O-O 14. O-O Nxd5
15. cxd5 c4 16. Bc2 f5 17. Nf3 Bd6 18. Qd2 Bc7 19. Qc3 fxe4 20. Bxe4 Qd6 21.
Ng5 h6 22. Ne6 Rf6 23. Nxc7 Qxc7 24. b3 Rc8 25. bxc4 Qxc4 26. Qxe5 Rcf8 27.
Rac1 Rxf2 28. Rfe1 Qxa2 29. Rc7 R2f6 30. Qg3 g5 31. Rxb7 Qc4 32. Qd3 Qc5+ 33.
Kh1 Qf2 34. Rg1 Qf1 35. Qxf1 Rxf1 36. Bf3 0-1

[Event "V Festival Scacchi Verdi"]
[Site "Bresso ITA"]
[Date "2006.06.15"]
[Round "1"]
[White "Bozzali, Ermanno"]
[Black "Zucchi, Oreste"]
[Result "1-0"]
[WhiteElo "2089"]
[BlackElo "1550"]
[PlyCount "41"]
[EventDate "2006.06.15"]

1. Nf3 d5 2. d4 e6 3. c4 Nf6 4. cxd5 exd5 5. Nc3 Bb4 6. Bg5 O-O 7. e3 c6 8. Bd3
Bg4 9. Qc2 Bxf3 10. gxf3 h6 11. h4 Be7 12. O-O-O Nbd7 13. Rdg1 Kh8 14. Kb1 Rg8
15. Qd2 Qf8 16. e4 dxe4 17. fxe4 hxg5 18. hxg5+ Nh7 19. Rxh7+ Kxh7 20. g6+ fxg6
21. Rh1+ 1-0

[Event "V Festival Scacchi Verdi"]
[Site "Bresso ITA"]
[Date "2006.06.15"]
[Round "1"]
[White "Brighenti, Alessandro"]
[Black "Marinone, Lucio"]
[Result "0-1"]
[WhiteElo "1460"]
[BlackElo "1940"]
[PlyCount "67"]
[EventDate "2006.06.15"]

1. e4 d6 2. Nc3 Nf6 3. f4 g6 4. Nf3 Bg7 5. d4 O-O 6. Bd3 c5 7. e5 dxe5 8. dxe5
Nd5 9. Nxd5 Qxd5 10. Qe2 Nc6 11. Be4 Qd7 12. Be3 b6 13. Rd1 Qc7 14. O-O Bb7 15.
Rd2 Rad8 16. Rfd1 Qc8 17. Qb5 Rxd2 18. Rxd2 Qc7 19. c3 a6 20. Qe2 Rd8 21. Rxd8+
Nxd8 22. Bxb7 Qxb7 23. Qd3 Ne6 24. Nd2 b5 25. b4 c4 26. Qe4 Qxe4 27. Nxe4 f6
28. exf6 exf6 29. Nc5 Nc7 30. Bd4 f5 31. Bxg7 Kxg7 32. Kf2 Kf7 33. Ke3 Ke7 34.
Kd4 0-1

[Event "V Festival Scacchi Verdi"]
[Site "Bresso ITA"]
[Date "2006.06.15"]
[Round "1"]
[White "Cazzaniga, Walter"]
[Black "Viale, Fabio"]
[Result "1-0"]
[WhiteElo "2134"]
[BlackElo "1613"]
[PlyCount "47"]
[EventDate "2006.06.15"]

1. d4 Nf6 2. c4 e6 3. Nf3 b6 4. g3 Bb7 5. Bg2 Be7 6. O-O O-O 7. d5 exd5 8. Nh4
c6 9. cxd5 Nxd5 10. Nf5 Nc7 11. e4 d5 12. Nc3 Bf6 13. exd5 cxd5 14. Bf4 Bxc3
15. bxc3 Nc6 16. Re1 Ne6 17. Qg4 Qf6 18. Bd6 Rfd8 19. Bxd5 h5 20. Qf3 Ng5 21.
Ne7+ Nxe7 22. Qxf6 gxf6 23. Bxb7 Nf3+ 24. Bxf3 1-0

[Event "V Festival Scacchi Verdi"]
[Site "Bresso ITA"]
[Date "2006.06.15"]
[Round "1"]
[White "Cereda, Loris"]
[Black "Madaschi, Sergio"]
[Result "0-1"]
[WhiteElo "2042"]
[BlackElo "1502"]
[PlyCount "76"]
[EventDate "2006.06.15"]

1. d4 Nf6 2. Nf3 g6 3. c4 Bg7 4. Bg5 h6 5. Bh4 O-O 6. e3 d6 7. Bd3 Nbd7 8. Nc3
e5 9. d5 Nc5 10. Be2 g5 11. Bg3 Bf5 12. b4 Nce4 13. Nxe4 Nxe4 14. Rc1 b6 15.
Nd2 Nxd2 16. Qxd2 a5 17. b5 Qf6 18. O-O Qg6 19. Qd1 g4 20. f3 h5 21. e4 Bd7 22.
Bh4 f5 23. Bd3 f4 24. Kh1 Bf6 25. Qe1 Rf7 26. Rg1 Rg7 27. Bf2 Qg5 28. Qe2 g3
29. Be1 gxh2 30. Kxh2 h4 31. Qd2 Qh5 32. Qf2 Rg3 33. Qe2 Rf8 34. Rh1 Rg6 35.
Qf2 Kf7 36. Kg1 Rfg8 37. Rh2 h3 38. Bc2 Rxg2+ 0-1

[Event "V Festival Scacchi Verdi"]
[Site "Bresso ITA"]
[Date "2006.06.15"]
[Round "1"]
[White "Cimo', Alessandro"]
[Black "Pelizzola, Danilo"]
[Result "0-1"]
[WhiteElo "1506"]
[BlackElo "2059"]
[PlyCount "65"]
[EventDate "2006.06.15"]

1. d4 Nf6 2. c4 e6 3. Nc3 Bb4 4. Bd2 b6 5. e3 Bb7 6. Nf3 O-O 7. Be2 d5 8. cxd5
exd5 9. Qc2 Nbd7 10. a3 Be7 11. O-O c5 12. Rfd1 Rc8 13. b3 Qc7 14. Nb5 Qb8 15.
a4 a6 16. Na3 g6 17. h3 Ne4 18. Be1 cxd4 19. Qb2 dxe3 20. fxe3 Bf6 21. Nd4 Ndc5
22. Nac2 Qe5 23. Rac1 Ng3 24. Bxg3 Qxg3 25. Bf3 Ne4 26. Bxe4 dxe4 27. Qb1 Rc5
28. Ne2 Qg5 29. Rd6 Rfc8 30. Rxb6 Rxc2 31. Rxc2 Rxc2 32. Qxc2 Qxe3+ 33. Kf1 0-1

[Event "V Festival Scacchi Verdi"]
[Site "Bresso ITA"]
[Date "2006.06.15"]
[Round "1"]
[White "D'Aulisa, Francesco"]
[Black "Laketic, Gojko"]
[Result "0-1"]
[WhiteElo "1682"]
[BlackElo "2446"]
[PlyCount "68"]
[EventDate "2006.06.15"]

1. e4 Nf6 2. e5 Nd5 3. d4 d6 4. c4 Nb6 5. Bf4 dxe5 6. Bxe5 Nc6 7. Nf3 Bg4 8.
Qd3 f6 9. Bg3 Bxf3 10. gxf3 Qxd4 11. Nc3 Qxd3 12. Bxd3 O-O-O 13. O-O-O g6 14.
Be4 Bh6+ 15. Kb1 Nxc4 16. Bxc6 bxc6 17. Kc2 e5 18. Ne4 f5 19. Bh4 Rxd1 20. Rxd1
fxe4 21. fxe4 Rf8 22. Rd3 g5 23. Bg3 g4 24. Rc3 Nd6 25. Rxc6 Kb7 26. Rc5 Bg7
27. a4 Nxe4 28. Rb5+ Kc6 29. Bxe5 Rxf2+ 30. Kd3 Bxe5 31. Kxe4 Rxh2 32. Kxe5
Rh5+ 33. Kf4 Rxb5 34. axb5+ Kxb5 0-1

[Event "V Festival Scacchi Verdi"]
[Site "Bresso ITA"]
[Date "2006.06.15"]
[Round "1"]
[White "Faccio, Fabio"]
[Black "Pezzotta, Gianni"]
[Result "1-0"]
[WhiteElo "1948"]
[BlackElo "1468"]
[PlyCount "49"]
[EventDate "2006.06.15"]

1. e4 d6 2. d4 Nf6 3. Nc3 c6 4. f4 Qa5 5. Bd3 e5 6. Nf3 Bg4 7. fxe5 dxe5 8.
dxe5 Bxf3 9. Qxf3 Qxe5 10. Bf4 Qe6 11. O-O Nbd7 12. e5 Ng4 13. Rae1 Bc5+ 14.
Kh1 O-O 15. Qe4 g6 16. Bc4 Qe7 17. e6 Ndf6 18. exf7+ Rxf7 19. Qxe7 Bxe7 20.
Rxe7 Raf8 21. Bxf7+ Rxf7 22. Rxf7 Kxf7 23. Bg5 h6 24. Bxf6 Nxf6 25. Ne4 1-0

[Event "V Festival Scacchi Verdi"]
[Site "Bresso ITA"]
[Date "2006.06.15"]
[Round "1"]
[White "Fornari, Sergio"]
[Black "Pepa, Syrja"]
[Result "0-1"]
[WhiteElo "1430"]
[BlackElo "1715"]
[PlyCount "102"]
[EventDate "2006.06.15"]

1. d4 d5 2. Nf3 Nc6 3. c3 Bg4 4. Nbd2 e6 5. e3 Bd6 6. Bd3 Nf6 7. O-O O-O 8. e4
dxe4 9. Nxe4 Be7 10. Re1 e5 11. Nxf6+ Bxf6 12. d5 Ne7 13. Be4 Ng6 14. h3 Bd7
15. b3 Re8 16. Ba3 Nf4 17. d6 c6 18. Bc1 Ne6 19. Qc2 g6 20. b4 Bg7 21. Bd3 Qb8
22. Nxe5 Qxd6 23. Nf3 Nf4 24. Bxf4 Qxf4 25. Re4 Rxe4 26. Bxe4 Re8 27. Re1 Bxc3
28. Qxc3 Rxe4 29. Rxe4 Qxe4 30. Qd2 Bxh3 31. Qd8+ Kg7 32. Qd4+ Qxd4 33. Nxd4
Be6 34. a3 Kf6 35. f4 h5 36. g3 g5 37. Kf2 gxf4 38. gxf4 h4 39. Kg2 h3+ 40. Kh2
Bd7 41. Kg3 b6 42. Ne2 c5 43. bxc5 bxc5 44. Nc3 Ke7 45. a4 Kd6 46. a5 c4 47.
Ne2 Kc5 48. Nc3 Kd4 49. Ne2+ Kd3 50. Nc1+ Kd2 51. Na2 c3 0-1

[Event "V Festival Scacchi Verdi"]
[Site "Bresso ITA"]
[Date "2006.06.15"]
[Round "1"]
[White "Garlera, Marco"]
[Black "Piazza, Angelo"]
[Result "0-1"]
[WhiteElo "1499"]
[BlackElo "2008"]
[PlyCount "40"]
[EventDate "2006.06.15"]

1. d4 e5 2. dxe5 Nc6 3. Nf3 d6 4. exd6 Bxd6 5. e4 Qe7 6. Nc3 Bg4 7. Bb5 Bd7 8.
O-O O-O-O 9. h3 h6 10. Qe2 g5 11. Nd5 Qf8 12. Bxc6 Bxc6 13. Be3 f5 14. Bd4 fxe4
15. Bxh8 exf3 16. Qe6+ Bd7 17. Qg6 fxg2 18. Rfe1 Qf3 19. Qe4 Bh2+ 20. Kxh2
Qxh3+ 0-1

[Event "V Festival Scacchi Verdi"]
[Site "Bresso ITA"]
[Date "2006.06.15"]
[Round "1"]
[White "Giancola, Andrea"]
[Black "Perissinotto, Claudio"]
[Result "0-1"]
[WhiteElo "1592"]
[BlackElo "2119"]
[PlyCount "50"]
[EventDate "2006.06.15"]

1. e4 c5 2. Nc3 Nc6 3. Bc4 g6 4. f4 Bg7 5. Nf3 a6 6. a3 e6 7. d3 Nge7 8. O-O
O-O 9. f5 d5 10. fxg6 dxc4 11. gxh7+ Kh8 12. Ng5 Ne5 13. Qh5 N7g6 14. Nxf7+
Rxf7 15. Rxf7 Nxf7 16. Qxg6 Ne5 17. Qh5 Bd7 18. Bh6 Qf6 19. Bg5 Qf7 20. Qe2
cxd3 21. cxd3 Rf8 22. Be3 b6 23. Qd2 Ng4 24. h3 Nxe3 25. Qxe3 Bd4 0-1

[Event "V Festival Scacchi Verdi"]
[Site "Bresso ITA"]
[Date "2006.06.15"]
[Round "1"]
[White "Kokosar, Oliviero"]
[Black "Bernago, Federico"]
[Result "0-1"]
[WhiteElo "1478"]
[BlackElo "1990"]
[PlyCount "112"]
[EventDate "2006.06.15"]

1. e4 c5 2. Nf3 e6 3. d4 cxd4 4. Nxd4 a6 5. Nc3 Qc7 6. Bd3 Nf6 7. Bg5 Be7 8.
O-O d6 9. h3 Nbd7 10. Kh1 b5 11. a3 Bb7 12. Bxf6 Bxf6 13. Nde2 O-O 14. Rc1 Ne5
15. b3 Rfd8 16. Qe1 Rac8 17. Na2 Qd7 18. Qd2 Nxd3 19. cxd3 d5 20. Qf4 Bb2 21.
Rxc8 Rxc8 22. a4 dxe4 23. dxe4 Qd3 24. Re1 Qxe4 25. Qxe4 Bxe4 26. Ng3 Bd5 27.
Re2 Ba3 28. axb5 axb5 29. b4 Rc4 30. f3 f5 31. Kh2 Kf7 32. Nf1 Bxb4 33. Ne3
Bd6+ 34. g3 Rd4 35. Nxd5 Rxd5 36. Nc3 Rc5 37. Na2 Rc4 38. f4 Ba3 39. Kg2 b4 40.
Nxb4 Rxb4 41. Re5 Rb2+ 42. Kf3 Rb3+ 43. Kg2 Bb2 44. Ra5 Bd4 45. g4 Rb2+ 46. Kg3
Rb3+ 47. Kg2 fxg4 48. hxg4 h6 49. Ra4 Rd3 50. Ra8 Be3 51. Kf3 Bc5+ 52. Ke2 Re3+
53. Kd2 Re4 54. Rc8 Be7 55. f5 Rxg4 56. fxe6+ Kxe6 0-1